000 00329nam a2200133Ia 4500
005 20251222155058.0
008 251222s9999||||xx |||||||||||||| ||spa||
082 _aREL.29
100 _aREDRADO Jose.
245 0 _aDimensión apostólica de la orden hospitalaria
250 _a1ra. ed.
264 _bHospitalaria
942 _cLIB
999 _c37568
_d37568